000 00611nam a2200241Ia 4500
005 20250425162137.0
008 250425s9999 xx 000 0 und d
020 _a9978922571
041 _aspa
082 _a863.69866
100 _aPAREJA DIEZCANSECO, ALFREDO
245 0 _aLA HOGUERA BARBARA I
250 _a1A ED.
260 _aEcuador
_bCASA DE LA CULTURA ECUATORIANA
_c2003
260 _aQUITO
300 _a206
500 _aCOLECCION MEDIA LUNA
650 _aELOY ALFARO-HISTORIA
650 _aHISTORIA DEL ECUADOR
650 _aLITERATURA ECUATORIANA
942 _c01
010 _a52799
999 _c223196
_d223196